Statistics for European Cities by Pictures #2

Click here to take the quiz!

General Stats

  • This quiz has been taken 422 times
  • The average score is 10 of 15

Answer Stats

Answer% Correct
Athens
99%
Pisa
97%
Florence
87%
Paris
87%
Brussels
78%
Saint Petersburg
76%
Madrid
72%
Stockholm
69%
Vienna
68%
Monaco
67%
Helsinki
52%
Warsaw
46%
Munich
45%
Seville
32%
Strasbourg
23%

Score Distribution

Percentile by Number Answered

Percent of People with Each Score

Your Score History

You have not taken this quiz